Islamic Cities Etymology - Statistics

General Stats
  • This quiz has been taken 17 times
  • The average score is 8 of 18
Answer Stats
Hint Answer % Correct
Holy City Mecca
94%
The Radiant City Medina
82%
God-Given Baghdad
65%
City of Islam Islamabad
65%
The Victorious Cairo
53%
The White House Casablanca
53%
Father of the Deer Abu Dhabi
47%
King's Quarters Amman
41%
The Big Tree / Rounded Bay Doha
41%
Locusts / Marketplace Dubai
41%
Seashore Jeddah
41%
Anchorage Muscat
41%
Gardens Riyadh
41%
Two Seas Bahrain
35%
Wells Beirut
35%
Home of Peace Dar es Salaam
18%
Mountain of Tariq Gibraltar
18%
High Place Kabul
18%
No matching quizzes found
Score Distribution
Percent of People with Each Score
Percentile by Number Answered
Your Score History
You have not taken this quiz